000 00407nam a22001457a 4500
005 20200610092359.0
008 200610b xxu||||| |||| 00| 0 eng d
082 _a345.4
110 _aALL INDIA REPORTER,
_95881
245 _aALL INDIA REPORTER, 2010 (VOL-97) SUPREME COURT SECTION (PART-4)
260 _aMUMBAI
_bALL INDIA REPORTER, PVT. LTD.
300 _a3840;p
650 _aLAW
_95701
942 _cJRL
999 _c6943
_d6941